000 01070cam a22003257a 4500
003 CHAP
005 20220817041131.0
008 971013s1980 r 00010 d
010 _a7120
011 _a8092
035 _a7317
040 _cCHAP
082 _a636.2
_bC63
110 _aCommonwealth Agricultural Bureaux International
_925961
245 1 4 _aThe nutrient requirements of ruminant livestock
260 _aOxon :
_bC.A.B. International,
_c1980
300 _a351 p.
590 _aBATCH-UPD
_b10
_c20130110
_lUCH01
_h1546
590 _aBATCH-UPD
_b10
_c20130410
_lUCH01
_h0945
590 _aBATCH-UPD
_b10
_c20130914
_lUCH01
_h1819
590 _aCONVERSION
_b10
_c20130109
_lUCH01
_h1305
650 1 4 _aMinerales en nutrición animal.
_975937
650 1 4 _aNutrición animal.
650 1 4 _aProteínas en nutrición animal.
_992454
650 1 4 _aRumiantes
_xNutrición.
_9100847
650 1 4 _aVitaminas en nutrición animal.
_9120022
901 _aBK
942 _cLIBRO
949 _a636.2 C63
_bBC
_cLIBRO
_d33724000265971
_eLIBRO
_gI.166623
_h83032
_i7317
_si
_t265.00
999 _c7120
_d7120